| 000 | 00428nam a2200157 a 4500 | ||
|---|---|---|---|
| 001 | 6644 | ||
| 005 | 20180713190523.0 | ||
| 008 | 140415s1990 000 0 spa d | ||
| 041 | _aspa | ||
| 082 |
_a658.315 _bMUL |
||
| 245 | 0 | 0 |
_aDIRECCION DE RELACIONES LABORALES : _bMšLLER DE LA LAMA, ENRIQUE |
| 250 | _a3a ed. | ||
| 260 |
_a[s.l.] : _bTRILLAS, _c1990 |
||
| 300 | _a273 | ||
| 650 | 1 | 4 | _aRELACIONES INDUSTRIALES |
| 999 |
_c6644 _d6644 |
||